000 00679nam a2200241 i 4500
001 C2-0293155
003 PPAK
005 20180728025103.0
008 090119s2005 nyua|||| ||||| | eng d
020 _a1550379291
040 _aPPAK
_beng
_cPPAK
_erda
082 0 4 _a629.892
_223
090 0 0 _a629.892
_bJON
_dRLCK
100 1 _aJones, David,
_eauthor
245 1 0 _aMighty robots :
_bmechanical marvels that fascinate and frighten
264 1 _aNew York :
_bAnnick Press ,
_c2005
300 _a126 pages :
_billustrations ;
_c25 cm
336 _2rdacontent
_atext
337 _2rdamedia
_aunmediated
338 _2rdacarrier
_avolume
650 1 0 _aRobots
942 _ddc
_cB
999 _c97943
_d97943